000 00210nam a22000857a 4500
008 161111b xxu||||| |||| 00| 0 eng d
100 _91141
_aSubramaniyan. N
245 _aWe are one
260 _aNew Delhi
_bNCERT
_c1999
999 _c3801
_d3801